[Event "Wiesbaden op 27th"]
[Site "Wiesbaden"]
[Date "2015.08.28"]
[Round "3"]
[White "Lesny, Florian"]
[Black "Adam, Wilfried"]
[Result "1/2-1/2"]
[WhiteElo "1684"]
[BlackElo "1904"]
[PlyCount "106"]
[EventDate "2015.08.27"]
[EventType "swiss"]
[EventRounds "7"]
[EventCountry "GER"]
[SourceTitle "EXT 2016"]
[Source "ChessBase"]
[SourceDate "2015.10.08"]
[SourceVersion "1"]
[SourceVersionDate "2015.10.08"]
[SourceQuality "1"]

1. e4 d6 2. d4 Nf6 3. Nc3 g6 4. f4 Bg7 5. Nf3 c5 6. Bc4 cxd4 7. Nxd4 Nbd7 8. Be3 a6 9. a4 Qc7 10. Ba2 0-0 11. f5 Ne5 12. 0-0 Nc4 13. Bxc4 Qxc4 14. Qf3 e5 15. Nde2 Bd7 16. g4 h6 17. h4 gxf5 18. gxf5 Bc6 19. Ng3 d5 20. exd5 Bxd5 21. Nxd5 Qxd5 22. Qxd5 Nxd5 23. Bd2 Rac8 24. c3 Rc4 25. h5 Rg4 26. Kh2 Rc8 27. Rad1 Nf6 28. b3 Rh4+ 29. Kg2 e4 30. Rh1 Rxh1 31. Kxh1 Rd8 32. Nf1 Nxh5 33. Re1 Nf6 34. c4 Rd3 35. Re3 Ng4 36. Rxd3 exd3 37. Ng3 Be5 38. Ne4 h5 39. Kg2 b6 40. c5 bxc5 41. Nxc5 Bd4 42. Nxd3 Kg7 43. Nf4 Kf6 44. Nxh5+ Kxf5 45. Ng3+ Ke5 46. Kf3 Nf6 47. Ne2 Nd7 48. Nxd4 Kxd4 49. b4 Ne5+ 50. Kf4 Nd3+ 51. Kf5 Kc4 52. b5 axb5 53. axb5 Kxb5 1/2-1/2

[Event "Deizisau op 8th"]
[Site "Deizisau"]
[Date "2013.10.27"]
[Round "3"]
[White "Adam, Wilfried"]
[Black "Reefschlaeger, Helmut"]
[Result "1/2-1/2"]
[WhiteElo "1974"]
[BlackElo "2285"]
[PlyCount "30"]
[EventDate "2013.10.26"]
[EventType "swiss"]
[EventRounds "7"]
[EventCountry "GER"]
[SourceTitle "EXT 2014"]
[Source "ChessBase"]
[SourceDate "2013.11.20"]
[SourceVersion "1"]
[SourceVersionDate "2013.11.20"]
[SourceQuality "1"]

1. e4 e6 2. Nf3 d5 3. e5 Nh6 4. g3 c5 5. Bg2 Nc6 6. 0-0 f6 7. exf6 gxf6 8. d4 Nf7 9. Re1 Bg7 10. dxc5 0-0 11. c3 a5 12. Nd4 e5 13. Nb5 Be6 14. f4 Ne7 15. Be3 Qd7 1/2-1/2

[Event "LSS ZI-2009-0-00609"]
[Site "LSS email"]
[Date "2009.12.24"]
[Round "?"]
[White "Adam, Wilfried"]
[Black "Vasquez Nigro, Dario Javier"]
[Result "0-1"]
[WhiteElo "1592"]
[BlackElo "1773"]
[PlyCount "90"]
[EventDate "2009.12.15"]
[EventType "match (corr)"]
[EventRounds "2"]
[EventCountry "GER"]
[SourceTitle "Corr 2013"]
[Source "ChessBase"]
[SourceDate "2012.11.12"]
[SourceVersion "1"]
[SourceVersionDate "2012.11.12"]
[SourceQuality "1"]

1. e4 e5 2. Nf3 Nc6 3. Bb5 a6 4. Ba4 Nf6 5. d4 exd4 6. e5 Ne4 7. 0-0 Be7 8. Re1 Nc5 9. Bxc6 dxc6 10. Nxd4 0-0 11. Be3 Qd5 12. f4 Ne4 13. Nd2 Nxd2 14. Qxd2 f6 15. Bf2 c5 16. Nf3 Qxd2 17. Nxd2 fxe5 18. fxe5 Be6 19. Nf3 Rad8 20. b3 g5 21. Rad1 h6 22. Rd2 Kf7 23. Red1 Bf5 24. Rxd8 Rxd8 25. Rxd8 Bxd8 26. Bxc5 Bxc2 27. Kf2 b6 28. Be3 Be7 29. h4 gxh4 30. Bxh6 Bb1 31. a4 Bc2 32. Bf4 Bc5+ 33. Ke2 Bxb3 34. Nxh4 Bxa4 35. Nf3 a5 36. Ng5+ Ke7 37. Ne4 Bb5+ 38. Kd2 Bb4+ 39. Kc2 Bc6 40. Kd3 Ke6 41. Ng5+ Kf5 42. g3 a4 43. Kc2 a3 44. e6 a2 45. Kb2 Bd5 0-1

[Event "LSS ZI-2009-0-00609"]
[Site "LSS email"]
[Date "2009.12.24"]
[Round "?"]
[White "Vasquez Nigro, Dario Javier"]
[Black "Adam, Wilfried"]
[Result "1-0"]
[WhiteElo "1736"]
[BlackElo "1844"]
[PlyCount "37"]
[EventDate "2009.12.15"]
[EventType "match (corr)"]
[EventRounds "2"]
[EventCountry "GER"]
[SourceTitle "Telechess CBM 137"]
[Source "ChessBase"]
[SourceDate "2010.07.15"]
[SourceVersion "1"]
[SourceVersionDate "2010.07.15"]
[SourceQuality "1"]

1. e4 Nc6 2. Nf3 e5 3. Bb5 d6 4. d4 exd4 5. Nxd4 Bd7 6. Nc3 Nf6 7. 0-0 Be7 8. Re1 0-0 9. Bxc6 Bxc6 10. Nf5 Re8 11. Bg5 h6 12. Bh4 Bf8 13. f4 b5 14. Qd4 Bd7 15. Nxh6+ gxh6 16. Nd5 Bg7 17. Nxf6+ Bxf6 18. Bxf6 Qb8 19. Qd3 1-0

[Event "LSS ZI-2009-0-00586"]
[Site "LSS email"]
[Date "2009.12.03"]
[Round "?"]
[White "Launhardt, Wolfgang"]
[Black "Adam, Wilfried"]
[Result "1-0"]
[WhiteElo "1952"]
[BlackElo "1844"]
[PlyCount "59"]
[EventDate "2009.11.29"]
[EventType "match (corr)"]
[EventRounds "2"]
[EventCountry "GER"]
[SourceTitle "Telechess CBM 137"]
[Source "ChessBase"]
[SourceDate "2010.07.15"]
[SourceVersion "1"]
[SourceVersionDate "2010.07.15"]
[SourceQuality "1"]

1. c4 Nf6 2. Nc3 g6 3. e4 d6 4. d4 Bg7 5. Nf3 0-0 6. Be2 e5 7. dxe5 dxe5 8. 0-0 Nbd7 9. Qc2 c6 10. b4 Re8 11. Rd1 Qc7 12. Rb1 Nf8 13. h3 Ne6 14. Be3 Nh5 15. c5 Nhf4 16. Bf1 Bd7 17. Rd6 Bf8 18. Qd2 Bxd6 19. cxd6 Qd8 20. Nxe5 Nh5 21. Nxd7 Qxd7 22. g4 Nhg7 23. e5 b6 24. Ne4 Qb7 25. Nf6+ Kh8 26. Bg2 Rf8 27. b5 Nd8 28. Bd4 Rc8 29. Qh6 Nde6 30. Qxh7# 1-0

[Event "LSS No Engine Cup Gr09 prel 04 email"]
[Site "LSS email"]
[Date "2009.10.31"]
[Round "?"]
[White "Adam, Wilfried"]
[Black "Harper, Roy"]
[Result "1-0"]
[WhiteElo "1844"]
[BlackElo "1458"]
[PlyCount "45"]
[EventDate "2009.11.01"]
[EventType "tourn (corr)"]
[EventRounds "6"]
[EventCountry "GER"]
[SourceTitle "Telechess CBM 137"]
[Source "ChessBase"]
[SourceDate "2010.07.15"]
[SourceVersion "1"]
[SourceVersionDate "2010.07.15"]
[SourceQuality "1"]

1. d4 d5 2. e3 c5 3. Nf3 e6 4. g3 Nf6 5. Bg2 cxd4 6. exd4 Ne4 7. 0-0 Nc6 8. Nc3 Nxc3 9. bxc3 Be7 10. Re1 0-0 11. Nd2 Na5 12. Qe2 Bd7 13. Bxd5 exd5 14. Qxe7 Qc7 15. Qb4 Nc6 16. Qb3 Rfe8 17. Ba3 Be6 18. Re3 b6 19. Rae1 b5 20. Bc5 Ne7 21. Qxb5 Nf5 22. Re5 Bd7 23. Rxe8+ 1-0

[Event "LSS No Engine Cup Gr09 prel 04 email"]
[Site "LSS email"]
[Date "2009.10.31"]
[Round "?"]
[White "Brey Rodrigo, Gonzalo"]
[Black "Adam, Wilfried"]
[Result "0-1"]
[WhiteElo "1005"]
[BlackElo "1844"]
[PlyCount "64"]
[EventDate "2009.11.01"]
[EventType "tourn (corr)"]
[EventRounds "6"]
[EventCountry "GER"]
[SourceTitle "Telechess CBM 137"]
[Source "ChessBase"]
[SourceDate "2010.07.15"]
[SourceVersion "1"]
[SourceVersionDate "2010.07.15"]
[SourceQuality "1"]

1. d4 Nf6 2. c4 d6 3. Nc3 g6 4. Nf3 Bg7 5. e4 0-0 6. Be2 c6 7. 0-0 Qc7 8. h3 Nbd7 9. Be3 e5 10. d5 c5 11. a3 a6 12. b4 Ne8 13. Qd3 h6 14. b5 f5 15. Nh4 f4 16. Bd2 Kh7 17. a4 Bf6 18. Nf3 g5 19. a5 Rg8 20. Nh2 Nf8 21. Ng4 Be7 22. f3 h5 23. b6 Qd8 24. Nf2 Ng6 25. Be1 Nf6 26. Ncd1 Qf8 27. Nh1 Qh6 28. Kh2 g4 29. fxg4 hxg4 30. Ra3 f3 31. gxf3 Nf4 32. Qe3 Qxh3+ 0-1

[Event "Blankenburg op-A 15th"]
[Site "Blankenburg"]
[Date "2007.10.02"]
[Round "5"]
[White "Fleischmann, Torsten"]
[Black "Adam, Wilfried"]
[Result "1-0"]
[WhiteElo "1816"]
[BlackElo "1975"]
[PlyCount "62"]
[EventDate "2007.09.29"]
[EventType "swiss"]
[EventRounds "7"]
[EventCountry "GER"]
[SourceTitle "EXT 2009"]
[Source "ChessBase"]
[SourceDate "2008.11.26"]
[SourceVersion "1"]
[SourceVersionDate "2008.11.26"]
[SourceQuality "1"]

1. d4 Nf6 2. c4 d6 3. Nc3 g6 4. e4 Bg7 5. f4 0-0 6. Bd3 e5 7. fxe5 dxe5 8. d5 Nfd7 9. Nf3 Nc5 10. 0-0 Nxd3 11. Qxd3 Na6 12. Be3 Qe7 13. Qc2 h6 14. a3 f5 15. b4 f4 16. Bf2 g5 17. c5 Bf6 18. Rad1 g4 19. d6 cxd6 20. Nd5 Qg7 21. Nxf6+ Rxf6 22. Bh4 Rg6 23. Ne1 Qf8 24. Nd3 Qe8 25. a4 Bd7 26. c6 Bxc6 27. b5 Bxe4 28. bxa6 bxa6 29. Qb3+ Qe6 30. Qb4 Rc8 31. Qxe4 d5 1-0

[Event "Blankenburg op-A 15th"]
[Site "Blankenburg"]
[Date "2007.09.30"]
[Round "2"]
[White "Adam, Wilfried"]
[Black "Buecker, Timo"]
[Result "1-0"]
[WhiteElo "1975"]
[BlackElo "1844"]
[PlyCount "63"]
[EventDate "2007.09.29"]
[EventType "swiss"]
[EventRounds "7"]
[EventCountry "GER"]
[SourceTitle "EXT 2009"]
[Source "ChessBase"]
[SourceDate "2008.11.26"]
[SourceVersion "1"]
[SourceVersionDate "2008.11.26"]
[SourceQuality "1"]

1. d4 d5 2. e3 Nf6 3. c4 e6 4. Nf3 c5 5. cxd5 exd5 6. Bb5+ Bd7 7. Bxd7+ Nbxd7 8. dxc5 Bxc5 9. 0-0 0-0 10. Nc3 Nb6 11. Ne2 Rc8 12. b3 Qe7 13. Bb2 Rfd8 14. Ned4 Ba3 15. Nf5 Qe4 16. Bxf6 gxf6 17. N3d4 Bb2 18. Rb1 Bxd4 19. Nxd4 Kh8 20. Qh5 Qg6 21. Qh3 Rg8 22. Rbc1 Rxc1 23. Rxc1 Qe4 24. g3 Rg5 25. Qh6 Qg6 26. Qf8+ Qg8 27. Qe7 h5 28. Qxf6+ Qg7 29. Qf4 Rg4 30. Qf5 h4 31. Qh5+ Kg8 32. Nf5 1-0

[Event "Karl Mala Memorial op 09th"]
[Site "Frankfurt"]
[Date "2005.07.29"]
[Round "3"]
[White "Winterberg, Lukas"]
[Black "Adam, Wilfried"]
[Result "0-1"]
[WhiteElo "1690"]
[BlackElo "2002"]
[PlyCount "186"]
[EventDate "2005.07.28"]
[EventType "swiss"]
[EventRounds "7"]
[EventCountry "GER"]
[SourceTitle "EXT 2006"]
[Source "ChessBase"]
[SourceDate "2005.11.24"]
[SourceVersion "1"]
[SourceVersionDate "2005.11.24"]
[SourceQuality "1"]

1. d4 Nf6 2. c4 d6 3. Nc3 g6 4. e4 Bg7 5. f4 0-0 6. Nf3 c6 7. Bd3 Qc7 8. 0-0 Nbd7 9. h3 e5 10. fxe5 dxe5 11. d5 Nh5 12. Ne1 Nf4 13. Bc2 Nf6 14. Ne2 N6h5 15. Kh2 Qe7 16. d6 Qd7 17. b3 Nxe2 18. Qxe2 Qxd6 19. Nf3 Nf4 20. Qf2 Ne6 21. Rd1 Nd4 22. Bb2 c5 23. Qg3 Qe7 24. Bd3 b6 25. Nd2 Bb7 26. Rf1 Rad8 27. Rad1 Kh8 28. Nb1 f5 29. Nc3 f4 30. Qf2 Bf6 31. Nd5 Bxd5 32. cxd5 Bh4 33. Qd2 Qg5 34. Bxd4 exd4 35. Qe2 Qe5 36. Kh1 h5 37. Bc2 Rxd5 38. Qa6 Rd7 39. Qb5 Rdf7 40. Qe2 Kg7 41. Bd3 Bf6 42. Qf3 Be7 43. Bc4 Rf6 44. Kg1 Kh6 45. Kf2 g5 46. Rh1 Rd8 47. Bd3 Bd6 48. Bc4 Qe8 49. Rde1 Be5 50. Rd1 Kg7 51. Be2 Rh6 52. Rd2 Qg6 53. Rdd1 Ra8 54. a4 a6 55. Ra1 d3 56. Bxd3 Bxa1 57. e5 Bd4+ 58. Ke2 Qe8 59. Qb7+ Kf8 60. Kd1 Rb8 61. Qxa6 Qxe5 62. Qa7 Be3 63. Kc2 Rd8 64. Rd1 Qe7 65. Qa6 g4 66. Qc4 Rd4 67. Qa6 Rf6 68. hxg4 hxg4 69. Qc8+ Rd8 70. Qxg4 Qg7 71. Qf3 Qg3 72. Qe4 Qf2+ 73. Kb1 Bd4 74. Qe2 Qxe2 75. Bxe2 Re8 76. Bf3 Re3 77. Ka2 Rg6 78. Rh1 Rxg2+ 79. Bxg2 Re2+ 80. Ka3 Rxg2 81. Rf1 Be5 82. a5 bxa5 83. Ka4 Ke7 84. Kxa5 Kd6 85. Kb5 Rb2 86. Kc4 Rc2+ 87. Kb5 Rc3 88. b4 cxb4 89. Kxb4 f3 90. Rf2 Kd5 91. Ka4 Ke4 92. Kb4 Ke3 93. Rh2 Bxh2 0-1

[Event "Karl Mala Memorial op 08th"]
[Site "Frankfurt"]
[Date "2004.07.25"]
[Round "6"]
[White "Nodorp, Dieter"]
[Black "Adam, Wilfried"]
[Result "1-0"]
[WhiteElo "1996"]
[BlackElo "1876"]
[PlyCount "51"]
[EventDate "2004.07.22"]
[EventType "swiss"]
[EventRounds "7"]
[EventCountry "GER"]
[SourceTitle "EXT 2005"]
[Source "ChessBase"]
[SourceDate "2004.11.15"]
[SourceVersion "1"]
[SourceVersionDate "2004.11.15"]
[SourceQuality "1"]

1. d4 Nf6 2. c4 c5 3. Nf3 cxd4 4. Nxd4 Nc6 5. Nc3 d6 6. e4 g6 7. Be2 Bg7 8. Be3 Bd7 9. 0-0 0-0 10. Rc1 a6 11. f3 h6 12. Qd2 Kh7 13. Rfd1 Re8 14. Kh1 Bf8 15. Bf1 Rc8 16. Nb3 Ne5 17. c5 dxc5 18. Nxc5 Bc6 19. Qf2 Qc7 20. Nb3 Qb8 21. Na5 Rcd8 22. Nxc6 Nxc6 23. Bb6 Rxd1 24. Rxd1 Qe5 25. Nd5 e6 26. Bc7 1-0

[Event "Karl Mala Memorial op 08th"]
[Site "Frankfurt"]
[Date "2004.07.24"]
[Round "4"]
[White "Adam, Wilfried"]
[Black "Ikonnikov, Vyacheslav"]
[Result "0-1"]
[WhiteElo "1876"]
[BlackElo "2558"]
[PlyCount "56"]
[EventDate "2004.07.22"]
[EventType "swiss"]
[EventRounds "7"]
[EventCountry "GER"]
[SourceTitle "EXT 2005"]
[Source "ChessBase"]
[SourceDate "2004.11.15"]
[SourceVersion "1"]
[SourceVersionDate "2004.11.15"]
[SourceQuality "1"]

1. e4 c5 2. Nf3 a6 3. d4 cxd4 4. Nxd4 e5 5. Nf5 d5 6. Ng3 Nf6 7. exd5 Nxd5 8. Be2 Nc6 9. c3 Be7 10. 0-0 0-0 11. Qc2 Be6 12. a3 Qc7 13. Bd3 g6 14. Bh6 Rfd8 15. Ne4 Nf4 16. Bxf4 exf4 17. Re1 Ne5 18. Bf1 Rd7 19. f3 Rad8 20. b4 Nd3 21. Bxd3 Rxd3 22. Nf2 Qb6 23. c4 Bf5 24. Qc1 Bh4 25. Ra2 Qd4 26. Rae2 Re3 27. Ra2 Rde8 28. Rf1 Re2 0-1

[Event "Karl Mala Memorial op 08th"]
[Site "Frankfurt"]
[Date "2004.07.23"]
[Round "3"]
[White "Krahe, Frank"]
[Black "Adam, Wilfried"]
[Result "1-0"]
[WhiteElo "2040"]
[BlackElo "1876"]
[PlyCount "61"]
[EventDate "2004.07.22"]
[EventType "swiss"]
[EventRounds "7"]
[EventCountry "GER"]
[SourceTitle "EXT 2005"]
[Source "ChessBase"]
[SourceDate "2004.11.15"]
[SourceVersion "1"]
[SourceVersionDate "2004.11.15"]
[SourceQuality "1"]

1. e4 c5 2. d4 cxd4 3. c3 g6 4. Nf3 Bg7 5. cxd4 d6 6. Nc3 Nf6 7. Be2 a6 8. 0-0 0-0 9. a4 b6 10. Bg5 h6 11. Bh4 Bb7 12. d5 Nbd7 13. Re1 Rc8 14. Bd3 Ng4 15. Rc1 Nge5 16. Nxe5 Nxe5 17. f4 Nxd3 18. Qxd3 Qd7 19. Bf2 b5 20. axb5 Bxc3 21. bxc3 axb5 22. Bd4 Rc4 23. Re3 f5 24. Rce1 Rf7 25. Rg3 Kh7 26. Rh3 h5 27. Qf3 Kh6 28. Qg3 Rxd4 29. cxd4 fxe4 30. Qg5+ Kh7 31. Rxe4 1-0

[Event "Karl Mala Memorial op 08th"]
[Site "Frankfurt"]
[Date "2004.07.22"]
[Round "1"]
[White "Riha, Peter"]
[Black "Adam, Wilfried"]
[Result "0-1"]
[WhiteElo "1588"]
[BlackElo "1876"]
[PlyCount "158"]
[EventDate "2004.07.22"]
[EventType "swiss"]
[EventRounds "7"]
[EventCountry "GER"]
[SourceTitle "EXT 2005"]
[Source "ChessBase"]
[SourceDate "2004.11.15"]
[SourceVersion "1"]
[SourceVersionDate "2004.11.15"]
[SourceQuality "1"]

1. d4 Nf6 2. c4 d6 3. Nc3 g6 4. e4 Bg7 5. f4 0-0 6. Nf3 c6 7. e5 Ne8 8. Be3 Nd7 9. Be2 Nc7 10. 0-0 f6 11. exd6 exd6 12. d5 Qe7 13. Bf2 c5 14. Re1 Re8 15. f5 Ne5 16. Nxe5 fxe5 17. fxg6 hxg6 18. Bg4 Bf5 19. Ne4 Rf8 20. Bg3 b5 21. b3 bxc4 22. bxc4 Rab8 23. Bf3 Rb4 24. Qc2 Rfb8 25. Rab1 Ne8 26. Rxb4 Rxb4 27. Rb1 Qb7 28. Rxb4 Qxb4 29. Qe2 a5 30. Be1 Qb1 31. Nc3 Qd3 32. Qxd3 Bxd3 33. Be2 Bf5 34. Nb5 a4 35. Bd1 Bd3 36. Bxa4 e4 37. Bd2 Kf8 38. Be3 Bxc4 39. Bf4 Bxd5 40. Nxd6 Bd4+ 41. Kf1 Nf6 42. Bb3 Bc6 43. Ke2 Ke7 44. Nc4 Nd5 45. Bg5+ Kd7 46. Ne3 Nc3+ 47. Kd2 Bb5 48. Nd5 Nb1+ 49. Kd1 Bd3 50. Nf4 Nc3+ 51. Kd2 Nb1+ 52. Kd1 Bf1 53. Ke1 Bb5 54. Nxg6 c4 55. Bc2 Nc3 56. Nf4 Be5 57. g3 Bc6 58. Ne2 Nxa2 59. Bf4 Bf6 60. g4 Ke6 61. g5 Bg7 62. Kd2 Nb4 63. Nc3 Kf5 64. Be3 Be5 65. h4 Nxc2 66. Kxc2 Kg4 67. Bf2 Kf3 68. Be1 Be8 69. Nb1 e3 70. Na3 Ba4+ 71. Kb1 c3 72. Nc4 Bh8 73. g6 e2 74. Nd6 Bg7 75. Nf5 Bf6 76. h5 c2+ 77. Kc1 Bg5+ 78. Bd2 Bxd2+ 79. Kxd2 Kf2 0-1